1219 1447 1591 1150 1776 1046 1347 1811 1031 1830 1240 1740 1107 1856 1342 1921 1808 1762 1876 1424 1826 1058 1287 1635 1318 1972 1313 1749 1821 1836 1429 1724 1123 1635 1397 1649 1531 1394 1576 1136 1494 1453 1819 1226 1806 1802 1818 1472 1011 1940 1166 1631 1296 1516 1053 1766 1760 1355 1420 1217 1643 1460 1545 1402 1038 1966 1931 1903 1620 1098 1069 1221 1083 1407 1158 1730 1643 1262 1121 1745 1006 1366 1306 1164 1687 1600 1127 1586 1399 1715 1617 1358 1634 1447 1284 1917 1903 1227 1551 BCNSPRNW ULIB Ver.6.0+V

เปลี่ยนเป็นภาษาไทย

Change to English
 แสดงรายละเอียดบรรณานุกรม
  กลับหน้าหลัก

Brief Record : Get Marc (ISO 2709) : E-mail record : QR code < ปิดหน้าต่าง
LEADER : 00000nam 2200000uu 4500
001    13399112417
003     ULIB
008    110627s2553||||th 000 0 tha d
020    9786167030623(ล.1)
090    นว.^bห686ส ล.1 2553
100 0  เหมันต์
245 00 สงครามชีวิต โอชิน เล่ม 1/^cเหมันต์
250    พิมพ์ครั้งที่ 1
260    กรุงเทพฯ :^bอนิเมทกรุ๊ป,^c2553
300    240 หน้า
710 1  อนิเมทกรุ๊ป
945    ^p150^l0^i028030
995    ทศพร
999 ^a ใช้งานได้ทุกระบบ
รายการนี้ยังไม่มีแท็ก
คุณยังไม่ได้ล็อกอิน คุณสามารถมีกิจกรรมร่วมกับเว็บไซต์ได้ แต่ต้องล็อกอินก่อน ::
  ล็อกอิน

รายการสื่อสารสนเทศ

ลำดับที่ ประเภท เลขเรียก/บาร์โค้ด สถานที่ สถานะ
- ไม่พบข้อมูล -

รายการใกล้เคียง
    ผู้แต่ง [เหมันต์]

BibComment


ยังไม่เคยถูกคอมเมนท์

คอมเมนท์ทรัพยากรรายการนี้
  คอมเมนท์: สงครามชีวิต โอชิน..


 Copyright 2026. Bcnsprnw @Library